Psicanálise para pedagogos (Registo nº 414)

Detalhes MARC
000 -Etiqueta do registo
Valores 00566nam a22001811i 4500
090 ## -
-- 414
100 ## - Dados gerais de processamento
Dados gerais 20170304u u u0frey50 ba
101 0# - Língua de publicação
-- por
200 1# - Titulo e menção de responsabilidade
Primeira menção de responsabilidade Anna Freud
Título próprio Psicanálise para pedagogos
215 ## - Descrição física 
Paginação / Volumes 101, [7] p.
Dimensões 21 cm
210 ## - Publicação
Nome do editor Moraes
Local de publicação Lisboa
Data de publicação imp. 1974
225 2# - Colecção 
Título próprio da colecção Psicologia e pedagogia
410 #0 -
-- Psicologia e pedagogia
702 #1 - Autor secundário (pessoa individual)
Apelido Pignatelli
Nome Luís
-- 730
700 #1 - Autor principal (pessoa individual)
Apelido Freud
Nome Anna
-- 070
996 ## - ISO2709
-- 0000461
-- FRE
-- 00000000
-- 00000000
-- BMVA
-- 1
-- Viana do Alentejo
-- Educação. Ensino. Pedagogia
-- 21
-- Livro
-- 0
-- 1
990 ## - Elementos KOHA
Tipo de documento Livro
Exemplares
Situação do levantamento Estado Biblioteca de origem Biblioteca de empréstimo Código de barras Cota Permissão de empréstimo Tipo de documento Nota relativa ao exemplar
  Completo Biblioteca Municipal de Viana Do Alentejo Biblioteca Municipal de Viana Do Alentejo 0000464 159.9 FRE Disponível Livro Em depósito Caixa 24 VNT




Powered by Koha